000 01665nam a2200349 c 4500
003 BLK
005 20180422113502.0
008 180410b bul|||||r ||||||| ||bul||
010 _aKNG00163834000
040 _aBLK
041 _aBUL
_cBUL
080 _aНадзор на движението. Транспортна полиция (милиция) - Надзор върху шосеен, уличен, железопътен, воден, въздушен и др. видове транспорт
_b351.81
_x:656.11(497.2)(094.5)
_z351.81:656.11(497.2)(094.5)
700 1 _aСтратев, Борислав
_eред.
_9381294
710 1 _aБългария. Закони и др. п.
_9243213
139 _aБългария. Закони и др. п.
_bБ 92
245 1 0 _aЗакон за движението по пътищата
_cред. Борислав Стратев.
245 1 0 _aПравилник за прилагане на закона за движението по пътищата
_b
_c
257 _aBGR
260 София
_bНаука и изкуство
_c1988
300 _a152 с.
_bс ил.
_c20 см
380 _a3
500 _a60 115 тир.
650 4 _aУлично движение - правила - България - законодателни и директивни материали
_9263853
653 _aулично движение
653 _aзакони
653 _aБългария
852 _aЦб 153828
856 4 _qpdf
_u
856 4 _qpdf
_u
942 _cKNG
_n0
944 _aCR
_c28.07.2014
_l28.07.2014 - от С1,Р / 28.07.2014
_kГеновева_Генчева
944 _aED
_c29.07.2014
_l28.07.2014 - от С1,Р / 28.07.2014
_k
999 _c156955
_d156955